Dog Breeds - Sudden Death - Statistics

General Stats
  • This quiz has been taken 75,332 times
    67,299 since last reset
  • The average score is 12 of 20
Answers on the Grid
Answers color-coded by a green-red scale on the quiz's grid according to % correct below.
Abyssinian
Angora
Arabian
Beagle
Belgian Malinois
Bengal
Borzoi
Boxer
Chihuahua
Cocker Spaniel
Flemish Giant
Great Dane
Hereford
Labrador Retriever
Lhasa Apso
Maine Coon
Maltese
Manx
Mastiff
Neon Tetra
Newfoundland
Papillon
Persian
Pointer
Pug
Roborovski
Rottweiler
Saluki
Schnauzer
Shih Tzu
Siamese
Whippet
 
Answer Stats
Answer % Correct
Beagle
82%
Chihuahua
80%
Boxer
78%
Great Dane
74%
Cocker Spaniel
73%
Pug
72%
Labrador Retriever
71%
Rottweiler
68%
Shih Tzu
67%
Mastiff
63%
Maltese
61%
Schnauzer
61%
Belgian Malinois
56%
Newfoundland
56%
Pointer
48%
Whippet
44%
Borzoi
37%
Lhasa Apso
32%
Papillon
30%
Saluki
24%
No matching quizzes found
Score Distribution
Percent of People with Each Score
Percentile by Number Answered
Your Score History
You have not taken this quiz since the last reset